Estadísticas para Nikola Tesla

Haz click aquí para intentar la prueba.

Estadísticas generales

  • Esta prueba ha sido intentada 9 veces
  • La puntuación promedio es 6 de 20

Estadísticas de respuestas

HintRespuesta% Correcto
Que actualmente está ubicada enCroacia
75%
Nació en el año1856
50%
Es principalmente conocido por crear un generador
eléctrico para producir
Corriente alterna
50%
País en donde Nikola Tesla se nacionalizóEstados Unidos
50%
Murió en el año1943
25%
Alrededor de cuántas patentes tuvo300
25%
Dicho trastorno lo poseía sobre varias cosas, como
en los números
3 6 9
25%
Cantidad de dinero que Thomas Alva Edison le había prometido a Tesla si lograba rediseñar unas máquinas de su empresa, muy poco eficientes. Dinero que como todos sabemos, nunca se lo entregó50000 dólares
25%
Hoy en día, es comparado con otro gran genio del S.XXAlbert Einstein
25%
Primer invento de Nikola TeslaBobina Tesla
25%
Completa una de sus frases más famosas: "Si quieres encontrar los secretos del universo, piensa en términos de...Energía frecuencia y vibración
25%
Inventor que compró varias patentes a Nikola TeslaGeorge Westinghouse
25%
Su batalla de corriente alterna contra la corriente continua de Thomas Edison
recibió el nombre de
Guerra de corrientes
25%
Inventor al que muchos consideran como "el creador de la radio" pero que, sin embargo, utilizó 17 patentes de Nikola TeslaMarconi
25%
Tenía una memoria especial conocida comoMemoria fotográfica
25%
Tenía un amor por este tipo de avePaloma
25%
Nació en la ciudad deSmiljan
25%
Trabajó para la compañía deThomas Edison
25%
En 1901, creó esta torre para realizar experimentos
de transmisiones inalámbricas
Torre wardenclyffe
25%
Padecía un trastorno mental conocido comoTrastorno obsesivo compulsivo
25%

Distribución de puntuación

Porcentaje por número respondido

Porcentaje de gente con cada puntuación

Historial de tus puntuaciones

No has intentado esta prueba.